000
00295nam a2200133Ia 4500
005
20251222152607.0
008
251222s9999||||xx |||||||||||||| ||spa||
082
_a
813.54/E42
100
_a
Ellroy, James
245
0
_a
Clandestino
250
_a
1ra.ed.
264
_b
Ediciones B.
942
_c
LIB
999
_c
26820
_d
26820